Un corazón sencillo / (Registro nro. 30562)
[ vista simple ]
| 000 -CABECERA | |
|---|---|
| campo de control de longitud fija | 00947nam a22002537a 4500 |
| 008 - CÓDIGOS DE INFORMACIÓN DE LONGITUD FIJA | |
| fixed length control field | 240212t2020 ck a gr 000 j spa d |
| 020 ## - NÚMERO INTERNACIONAL NORMALIZADO PARA LIBROS | |
| ISBN | 9789585595484 |
| 037 ## - SOURCE OF ACQUISITION | |
| Materials specified | Donación |
| 040 ## - Fuente de catalogación | |
| Agencia original de catalogación | CO-JMCR |
| Agencia de transcripción | CO-JMCR |
| Agencia de modificación | CO-JMCR |
| Convenciones de descripción | rda |
| Lenguaje de catalogación | spa |
| 041 0# - CÓDIGO DE LENGUA | |
| Código idioma | spa |
| 082 ## - NÚMERO DE LA CLASIFICACIÓN DECIMAL DEWEY | |
| Número de clasificación Decimal | A-C |
| Número de documento (Cutter) | FLAc |
| 100 1# - PUNTO DE ACCESO PRINCIPAL-NOMBRE DE PERSONA | |
| 9 (RLIN) | 550 |
| Nombre personal | Flaubert, Gustave, |
| Fechas asociadas al nombre | 1821-1880 |
| Término de función/relación | autor |
| 245 13 - TÍTULO PROPIAMENTE DICHO | |
| Título | Un corazón sencillo / |
| Mención de responsabilidad, etc. | Gustave Flaubert ; traducción de Alfonso Conde Rivera |
| 260 ## - PUBLICACIÓN, DISTRIBUCIÓN, ETC. (PIE DE IMPRENTA) | |
| Lugar de publicación, distribución, etc. | Bogotá: |
| Nombre del editor, distribuidor, etc. | |
| 264 ## - PRODUCCION, PUBLICACION, DISTRIBUCION, COPYRIGHT | |
| Lugar de producción, publicación, distribución, etc | Bogotá : |
| Nombre del editor, productor, distribuidor, etc | Instituto Distrital de las Artes-Idartes , |
| Fecha de producción, publicación, distribución, copyright | ©2020 |
| 300 ## - DESCRIPCIÓN FÍSICA | |
| Extensión | 66 páginas : |
| Otros detalles físicos | Ilustraciones a blanco y negro ; |
| Dimensiones | 16 cm. |
| 490 ## - DECLARACIÓN DE SERIE | |
| Volumen | 153 |
| 500 ## - NOTA GENERAL | |
| Nota general | Incluye datos biográficos del autor--Nota de edición- |
| 650 14 - TÉRMINO DE MATERIA | |
| 9 (RLIN) | 43372 |
| 650 24 - TÉRMINO DE MATERIA | |
| 9 (RLIN) | 43373 |
| 700 ## - AUTOR SECUNDARIO - PERSONA | |
| Nombre de persona | Conde Rivera, Alfonso, |
| 9 (RLIN) | 43374 |
| 710 ## - AUTOR SECUNDARIO - ENTIDAD | |
| Nombre Corporativo | Secretaria de Cultura, Recreación y Deporte |
| 9 (RLIN) | 43375 |
| Withdrawn status | Lost status | Source of classification or shelving scheme | Damaged status | Not for loan | Home library | Current library | Shelving location | Date acquired | Source of acquisition | Total Checkouts | Full call number | Barcode | Date last seen | Copy number | Price effective from | Koha item type |
|---|---|---|---|---|---|---|---|---|---|---|---|---|---|---|---|---|
| Dewey Decimal Classification | Biblioteca Pública José María del Castillo y Rada | Biblioteca Pública José María del Castillo y Rada | Fiction | 01/25/2024 | Donación | A-C FLAc | 201811950 | 02/12/2024 | Ej.2 | 02/12/2024 | Books | |||||
| Dewey Decimal Classification | Biblioteca Pública José María del Castillo y Rada | Biblioteca Pública José María del Castillo y Rada | 07/18/2025 | A-C FLAc | 07/18/2025 | Ej.1 | 07/18/2025 | Books |